• 首页
  • 本馆介绍
  • 公告通知
  • 最新文献
  • 馆藏检索
  • 电子资源
  • 读者导购
  • 参考咨询
  • 我的图书馆
  • 登录
  • 详细信息显示
  • 放入我的书架
  • 预约/预借图书
  • 作者相关作品
  • 分类相关作品
  • 丛书相关作品
  • 出版社相关作品

书目信息

  • 表格格式
  • 工作单格式
  • 卡片格式
题名:
世界的挑战
    
 
作者: 史莱坡 , Schreiber 著 ;尉腾蛟 译
分册:  
出版信息: 北京   中国友谊出版公司  1985
页数: 248页
开本: 19cm
丛书名: 国外新技术及企业管理丛书
单 册:
中图分类: G303 , F115
科图分类:
主题词: 新技术革命--世界--现代 , 世界经济 , 经济--世界 , 国际经济关系
电子资源:
ISBN:
000 00990nam2 2200349 45
001 0185003204
005 20040425080706.2
010    @dCNY1.80
091    @a17309.8
100    @a19900816d1985 emky0chiy0121 ea
101 1  @achi@ceng
102    @aCN@b110000
105    @ay z 000yy
106    @ar
200 10 @a世界的挑战@Ashi jie de tiao zhan@dThe world challenge@f(法)史莱坡(Schreiber,S.)著@g尉腾蛟译@zeng
210    @a北京@c中国友谊出版公司@d1985
215    @a248页@d19cm
225 2  @a国外新技术及企业管理丛书
410  0 @120010@a国外新技术及企业管理丛书
510 1  @aThe world challenge@zeng
606    @a新技术革命@y世界@z现代
606    @a世界经济
606 0  @a经济@x世界
606 0  @a国际经济关系
690    @aG303@v3
690    @aF115
701  1 @a史莱坡@Ashi lai po@bS.@4著
701 A1 @aSchreiber@bS.@4著
702  0 @a尉腾蛟@Awei teng jiao@4译
801  0 @aCN@b深圳图书馆@c20040425
801  2 @aCN@bNLC@c20040425
905    @f1@b215396@dF115@e52
    
    世界的挑战=The world challenge/(法)史莱坡(Schreiber,S.)著/尉腾蛟译.-北京:中国友谊出版公司,1985
    248页;19cm.-(国外新技术及企业管理丛书)
    
    
    ISBN :CNY1.80
    
●
相关链接 在E读中查询图书 在五车中查询图书 在当当中查询图书 在豆瓣中查询图书


正题名:世界的挑战     索取号:F115/52         预约/预借

序号 登录号 条形码 馆藏地/架位号 状态 备注
1 0215396   000197156   密集书库/ [索取号:F115/52] 在馆    
2 0215397   000197192   第一样本阅览室/ [索取号:F115/52] 在馆    
唐山师范学院图书馆 欢迎您!
大连网信软件有限公司© 版权所有